Temas atuais do Ministério Público : (Record no. 1011)

MARC details
000 -LÍDER
Campo Fixo de Controle 00790nam a2200229 a 4500
001 - NÚMERO DE CONTROLE
Campo de Controle 1011
003 - IDENTIFICAÇÃO DO NÚMERO DE CONTROLE
Campo de Controle BR-CuiBMT
005 - DATA E HORA DA ÚLTIMA ATUALIZAÇÃO
Campo de Controle 20231125173431.0
008 - DADOS FIXOS
Dados Fixos 231125s2008 rjb 000 0 por d
020 ## - INTERNATIONAL STANDARD BOOK NUMBER
Nº do ISBN 9788537503706
040 ## - AGÊNCIA CATALOGADORA
Código da Agência Catalogadora BR-CuiBMT
Agência que transcreveu o registro BR-CuiBMT
080 ## - Nº DA CLASSIFICAÇÃO DECIMAL UNIVERSAL
Nº edição CDU 2007
Nº Class. CDU 35.078.3
090 ## - NÚMERO DE CHAMADA
Nº classificação 35.078.3
Cutter T278
245 00 - TÍTULO PRINCIPAL
Título principal Temas atuais do Ministério Público :
Subtítulo a atuação do Parquet nos 20 anos da Constituição Federal /
Indicação de responsabilidade Cristiano Chaves ; Leonardo Barreto Moreira Alves ; Nelson Rosenvald, Coordenadores
260 ## - PUBLICAÇÃO, DISTRIBUIÇÃO, ETC.
Local de publicação Rio de Janeiro :
Editora Lumen Juris,
Data 2008.
300 ## - DESCRIÇÃO FÍSICA
N. páginas ou volumes 762 p. ;
Dimensões 24 cm
504 ## - NOTA DE BIBLIOGRAFIA, ETC.
Nota de bibliografia Inclui bibliografia.
650 ## - ASSUNTO TÓPICO
Cabeçalho tópico ou nome geográfico Ministério público
700 1# - ENTRADA SECUNDÁRIA -- NOME PESSOAL
Nome pessoal Alves, Leonardo Barreto Moreira
Datas associadas ao nome coord.
700 1# - ENTRADA SECUNDÁRIA -- NOME PESSOAL
Nome pessoal Rosenvald, Nelson
Datas associadas ao nome coord.
942 ## - ELEMENTOS DE ENTRADA ADICIONAIS (KOHA)
Fonte de classificação ou esquema de arquivamento Classificação Decimal Universal
Tipo de item do Koha Livros
Holdings
Estado: removido Estado: perdido Fonte de classificação ou esquema de arquivamento Estado: danificado Indisponível para empréstimo Localização permanente Localização atual Data de aquisição Total Checkouts Número de Chamada completo Código de barras Date last seen Número do exemplar Preço efetivo a partir de Tipo de item (Koha)
    Classificação Decimal Universal     Biblioteca da Escola Superior de Contas do TCE/MT Biblioteca da Escola Superior de Contas do TCE/MT 25/11/2023   35.078.3 T278 BIBTCEMT23111096 25/11/2023 Ex. 1 25/11/2023 Livros

Powered by Koha